Ερπετά και αμφίβια της περιοχής Στυμφαλίας
Αποθηκεύτηκε σε:
| Κύριος συγγραφέας: | |
|---|---|
| Άλλοι συγγραφείς: | |
| Μορφή: | Βιβλίο |
| Γλώσσα: | Greek |
| Δημοσίευση: |
Αθήνα :
Πολιτιστικό Ίδρυμα Ομίλου Πειραιώς,
c2009.
|
| Θέματα: | |
| Ετικέτες: |
Προσθήκη ετικέτας
Δεν υπάρχουν, Καταχωρήστε ετικέτα πρώτοι!
|
MARC
| LEADER | 00000cam a2200000 i 4500 | ||
|---|---|---|---|
| 001 | 1/13252 | ||
| 008 | 110525s2009 gr | ||| |||| ||gre|| | ||
| 020 | |a 9789602441244 | ||
| 035 | |l 10110125 | ||
| 040 | |a GR-MyUa |b gre |e AACR2 | ||
| 041 | 0 | |a gre | |
| 082 | 7 | |a 597.9 |2 (22) | |
| 100 | 1 | |a Κατσιγιάννης, Φίλιππος, |d 1969- | |
| 245 | 1 | 0 | |a Ερπετά και αμφίβια της περιοχής Στυμφαλίας / |c Φίλιππος Κατσιγιάννης, Andrea Bonetti. |
| 260 | |a Αθήνα : |b Πολιτιστικό Ίδρυμα Ομίλου Πειραιώς, |c c2009. | ||
| 300 | |a 33 σ. : |b έγχρ. εικ. ; |c 21 εκ. | ||
| 504 | |a Βιβλιογραφία: σ. [35]. | ||
| 650 | 0 | 0 | |a Reptiles |z Greece |z Korinthia |x Pictorial works. |
| 650 | 0 | 0 | |a Amphibians |z Greece |z Korinthia |x Pictorial works. |
| 700 | 1 | |a Bonetti, Andrea. | |
| 852 | |a INST |b SYROS |e 20110525 |h 597.9 ΚΑΤ |p 005500009143 |q 005500009143 |t BK |y 0 | ||
| 901 | |a BIBL5-2011-2 | ||
| 970 | |a ΚΟΝΤΟΥ |b ΠΑΡΑΣΚΕΥΗ |z 2011/05/25 | ||